000 00338nam a2200145 i 4500
001 44558
003 ES-MaACL
007 t|
008 030321s1885 sp ||||1| spa d
245 0 0 _aCódigo de comercio.
250 _aEd. oficial.
260 _aMadrid :
_b[s.n.],
_c1885.
300 _a466 p. ;
_c19 cm.
852 _aES-MaACL
_jB-7351
999 _c44558
_d44558